[Event "Hamburg-ch Seniors 22nd"]
[Site "Hamburg"]
[Date "2015.10.30"]
[Round "3"]
[White "Lohkamp, Rolf"]
[Black "Raedisch, Peter"]
[Result "0-1"]
[WhiteElo "983"]
[BlackElo "1659"]
[PlyCount "78"]
[EventDate "2015.10.28"]
[EventType "swiss"]
[EventRounds "9"]
[EventCountry "GER"]
[SourceTitle "EXT 2018"]
[Source "ChessBase"]
[SourceDate "2017.10.13"]
[SourceVersion "1"]
[SourceVersionDate "2017.10.13"]
[SourceQuality "1"]

1. d4 d5 2. Nc3 a6 3. Nf3 Nf6 4. Bg5 e6 5. e4 dxe4 6. Nxe4 Be7 7. Nxf6+ Bxf6 8. h4 Nc6 9. c3 h6 10. Bf4 Bd7 11. Qc2 Rc8 12. Bd3 Ne7 13. Be4 Bc6 14. Ne5 Bxe4 15. Qxe4 Nf5 16. Nc4 Be7 17. Be5 0-0 18. Qg4 Bf6 19. Bxf6 Qxf6 20. Ne5 Rcd8 21. a4 Ne7 22. 0-0 Nd5 23. a5 c5 24. Rad1 cxd4 25. Qxd4 Nc7 26. Nd7 Qe7 27. c4 Kh8 28. Rfe1 Ne8 29. Re5 Nf6 30. Qc5 Qxc5 31. Rxc5 Rxd7 32. Rxd7 Nxd7 33. Rc7 Ne5 34. c5 Rb8 35. b4 Kg8 36. f4 Nc6 37. Rd7 Nxb4 38. Rd1 Nc6 39. Ra1 Rd8 0-1